|
|
|
|
| LEADER |
01133nam a2200253 u 4500 |
| 001 |
10035414 |
| 003 |
upatras |
| 005 |
20210928114239.0 |
| 008 |
000630s1928 gr p gre | |
| 952 |
|
|
|0 0
|1 0
|2 ddc
|4 0
|6 841_800000000000000_BAU
|7 0
|9 328916
|a LISP
|b LISP
|c ADM
|d 2021-09-28
|i 253359
|l 0
|o 841.8 BAU
|p 025000286887
|r 2021-09-28 00:00:00
|t 1
|w 2021-09-28
|y BKN
|
| 999 |
|
|
|c 184217
|d 184217
|
| 040 |
|
|
|a GR-PaULI
|c GR-PaULI
|b gre
|e AACR2
|
| 041 |
1 |
|
|a gre
|h fre
|
| 082 |
0 |
4 |
|a 841.8
|2 23
|
| 100 |
1 |
|
|9 6267
|a Baudelaire, Charles,
|d 1821-1867,
|e συγγραφέας
|
| 240 |
1 |
0 |
|a Fleurs du mal.
|l Ελληνικά
|
| 245 |
1 |
0 |
|a Τα άνθη του κακού /
|c Σαρλ Μπωντλαίρ ; [μετάφραση Μανώλη Κανελλή].
|
| 260 |
|
|
|a Αθήνα :
|b Ζηκάκης,
|c 1928.
|
| 300 |
|
|
|a 174 σ. ;
|c 19 εκ.
|
| 500 |
|
|
|a Το σκίτσο του εξωφύλλου σχεδιάστηκε από τον Νικ. Καστανάκη.
|
| 600 |
1 |
4 |
|9 6267
|a Baudelaire, Charles,
|d 1821-1867.
|
| 700 |
1 |
|
|a Κανελλής, Μανώλης,
|d 1900-1980,
|9 183360
|e μεταφραστής
|
| 942 |
|
|
|2 ddc
|c BK
|
| 998 |
|
|
|c ΓΚΟΓΚΟΥ
|d 2021-09
|